000 00556nam a2200169 a 4500
005 20230606063541.0
008 991125s1988 mx 000 0 spa u
035 _aUPN01000011450
049 _aF
050 4 _aTD182.6
_bM4.9
110 1 _aMéxico.
_bSecretaría de Desarrollo Urbano y Ecología
_928179
245 1 3 _aLa contaminación atmosférica en el Valle de México /
_cSecretaría de Desarrollo Urbano y Ecología.
260 _aMéxico :
_bSEDUE,
_c1988.
300 _a30 p.
650 2 _aContaminación
_zCiudad de México
_912292
905 _aLibro
999 _c11450
_d11450